Propagación de plantas
Guardat en:
| Autor principal: | |
|---|---|
| Format: | Llibre |
| Idioma: | espanyol |
| Publicat: |
Valencia
Universidad Politécnica de Valencia
2008
|
| Matèries: | |
| Etiquetes: |
Afegir etiqueta
Sense etiquetes, Sigues el primer a etiquetar aquest registre!
|
MARC
| LEADER | 00000nam a2200000 a 4500 | ||
|---|---|---|---|
| 001 | UCH3554 | ||
| 003 | CL-VaPUC | ||
| 005 | 20240910152451.0 | ||
| 008 | 090806e20080000SP |||||||||||||||||spa|d | ||
| 999 | |c 335037 |d 335035 | ||
| 020 | |a 9788483632277 | ||
| 040 | |c Pontificia Universidad Católica de Valparaíso | ||
| 082 | 0 | 4 | |a 581.3 |b PIN |2 21 |
| 100 | 0 | |a Pina Lorca, José Antonio |e author |9 538891 | |
| 245 | 1 | 0 | |a Propagación de plantas |
| 260 | |a Valencia |b Universidad Politécnica de Valencia |c 2008 | ||
| 300 | |a 413 p | ||
| 583 | |a last modification |c 20090806 00:00:00 |k Rodrigo Vera | ||
| 650 | 0 | |a Propagación de plantas |x Reproducción |9 339631 | |
| 650 | 0 | |a Producción de plantas |x Viveros |9 678689 | |
| 650 | 0 | |a Producción de semillas |9 403448 | |
| 942 | |c BK |2 ddc | ||
| 945 | |d 20090806 00:00:00 |a dcastane | ||
| 952 | |0 0 |1 0 |4 0 |6 581_300000000000000_PIN_2008 |7 0 |8 R |9 424542 |a BIBAGR |b BIBAGR |d 2019-11-22 |i 4586123 |l 3 |o 581.3 PIN 2008 |p 4586123 |r 2025-01-20 |s 2023-09-01 |w 2019-11-22 |y BK_R |k AGR | ||
| 952 | |0 0 |1 0 |4 0 |6 581_300000000000000_PIN_2008 |7 0 |8 R |9 424543 |a BIBAGR |b BIBAGR |d 2019-11-22 |i 4586131 |o 581.3 PIN 2008 |p 4586131 |r 2025-01-20 |w 2019-11-22 |y BK_R |k AGR | ||
| 952 | |0 0 |1 0 |4 0 |6 581_300000000000000_PIN_2008 |7 0 |8 R |9 424544 |a BIBAGR |b BIBAGR |d 2019-11-22 |i 4628322 |l 3 |o 581.3 PIN 2008 |p 4628322 |r 2025-01-20 |s 2023-11-17 |w 2019-11-22 |y BK_R |k AGR | ||
| 952 | |0 0 |1 0 |4 0 |6 581_300000000000000_PIN_2008 |7 0 |8 R |9 424545 |a BIBAGR |b BIBAGR |d 2019-11-22 |i 4628330 |o 581.3 PIN 2008 |p 4628330 |r 2025-01-20 |w 2019-11-22 |y BK_R |k AGR | ||
| 952 | |0 0 |1 0 |4 0 |6 581_300000000000000_PIN_2008 |7 0 |8 R |9 424546 |a BIBAGR |b BIBAGR |d 2019-11-22 |i 4655869 |o 581.3 PIN 2008 |p 4655869 |r 2025-01-20 |w 2019-11-22 |y BK_R |k AGR | ||
| 952 | |0 0 |1 0 |4 0 |6 581_300000000000000_PIN_2008 |7 0 |8 R |9 424547 |a BIBAGR |b BIBAGR |d 2019-11-22 |i 4655877 |l 5 |o 581.3 PIN 2008 |p 4655877 |r 2025-01-20 |s 2023-08-10 |w 2019-11-22 |y BK_R |k AGR | ||
| 952 | |0 0 |1 0 |4 0 |6 581_300000000000000_PIN_2008 |7 0 |8 R |9 424548 |a BIBAGR |b BIBAGR |d 2019-11-22 |i 4655885 |l 8 |o 581.3 PIN 2008 |p 4655885 |q 2025-12-05 |r 2024-12-16 |s 2024-12-16 |w 2019-11-22 |y BK_R |k AGR | ||
| 952 | |0 0 |1 0 |4 0 |6 581_300000000000000_PIN_2008 |7 0 |8 R |9 424549 |a BIBAGR |b BIBAGR |d 2019-11-22 |i 4655893 |o 581.3 PIN 2008 |p 4655893 |r 2025-01-20 |w 2019-11-22 |y BK_R |k AGR | ||
| 952 | |0 0 |1 0 |4 0 |6 581_300000000000000_PIN_2008 |7 0 |8 R |9 424550 |a BIBAGR |b BIBAGR |d 2019-11-22 |i 4655907 |l 3 |o 581.3 PIN 2008 |p 4655907 |r 2025-01-20 |s 2023-08-24 |w 2019-11-22 |y BK_R |k AGR | ||
| 952 | |0 0 |1 0 |4 0 |6 581_300000000000000_PIN_2008 |7 0 |8 R |9 424551 |a BIBAGR |b BIBAGR |d 2019-11-22 |i 4655915 |o 581.3 PIN 2008 |p 4655915 |r 2025-01-20 |w 2019-11-22 |y BK_R |k AGR | ||
| 952 | |0 0 |1 0 |4 0 |6 581_300000000000000_PIN_2008 |7 0 |8 R |9 424552 |a BIBAGR |b BIBAGR |d 2019-11-22 |i 4655923 |o 581.3 PIN 2008 |p 4655923 |r 2025-01-20 |w 2019-11-22 |y BK_R |k AGR | ||
| 952 | |0 0 |1 0 |4 0 |6 581_300000000000000_PIN_2008 |7 0 |8 R |9 424553 |a BIBAGR |b BIBAGR |d 2019-11-22 |i 4655931 |l 10 |o 581.3 PIN 2008 |p 4655931 |r 2025-01-20 |s 2023-08-10 |w 2019-11-22 |y BK_R |k AGR | ||
| 952 | |0 0 |1 0 |4 0 |6 581_300000000000000_PIN_2008 |7 0 |8 R |9 424554 |a BIBAGR |b BIBAGR |d 2019-11-22 |i 465594K |o 581.3 PIN 2008 |p 465594K |r 2025-01-20 |w 2019-11-22 |y BK_R |k AGR | ||
| 952 | |0 0 |1 0 |4 0 |6 581_300000000000000_PIN_2008 |7 0 |8 R |9 424555 |a BIBAGR |b BIBAGR |d 2019-11-22 |i 4655958 |o 581.3 PIN 2008 |p 4655958 |r 2025-01-20 |w 2019-11-22 |y BK_R |k AGR | ||
| 952 | |0 0 |1 0 |4 0 |6 581_300000000000000_PIN_2008 |7 0 |8 R |9 424556 |a BIBAGR |b BIBAGR |d 2019-11-22 |i 4655966 |o 581.3 PIN 2008 |p 4655966 |r 2025-01-20 |w 2019-11-22 |y BK_R |k AGR | ||
| 952 | |0 0 |1 0 |4 0 |6 581_300000000000000_PIN_2008 |7 0 |8 R |9 424557 |a BIBAGR |b BIBAGR |d 2019-11-22 |i 4655974 |o 581.3 PIN 2008 |p 4655974 |r 2025-01-20 |w 2019-11-22 |y BK_R |k AGR | ||
| 952 | |0 0 |1 0 |4 0 |6 581_300000000000000_PIN_2008 |7 0 |8 R |9 424558 |a BIBAGR |b BIBAGR |d 2019-11-22 |i 4655982 |l 2 |o 581.3 PIN 2008 |p 4655982 |r 2025-01-20 |s 2021-08-27 |w 2019-11-22 |y BK_R |k AGR | ||